Open Data Biblioteca Nacional de Portugal


República Portuguesa: Ministério da Cultura
Biblioteca Nacional de Portugal

Catálogo da BNP: acesso por Identificadores Unívocos
Registos Bibliográficos associados ao registo de autoridade

Etiqueta de registo: 00000nam 2200025 450
001 1920998
003 http://id.bnportugal.gov.pt/bib/catbnp/1920998
021 ## $aPT$b397941/15
100 ## $a20160126d2015 k y0pory01030103ba
101 0# $apor
102 ## $aPT
105 ## $ay v 000yy
106 ## $ar
200 1# $a A evangelização nos documentos pastorais dos Bispos portugueses$ede 1967 a 1984$fVírgilio Marques Rodrigues
210 #9 $aViseu$c[s.n.],$d2015$eViseu :$gTipografia Beira Alta)
215 ## $a273 p.$d25 cm
300 ## $aOrig.: Tese Lic. Canónica, Teologia Prática, Universidade Pontifícia de Salamanca, 2009
320 ## $aBibliografia, p. 257-269
675 ## $a272-284(469)"1967/1984"$vBN$zpor$31634583
675 ## $a272-4(469)"1967/1984"$vBN$zpor$31634584
675 ## $a272-732(456.31)"1962/1965"$vBN$zpor$31634586
700 #1 $aRodrigues,$bVírgilio Marques,$f1968-$31634223
801 #0 $aPT$bBN$gRPC
856 41 $uhttp://rnod.bnportugal.gov.pt/ImagesBN/winlibimg.aspx?skey=&doc=1920998&img=72346&save=true
900 ## $aBIBNAC$d20160208
966 ## $lBN$mFGMON$sR. 28588 V.$x1
966 ## $lBN$mFGMON$sR. 28588 V.-D$x1

Etiqueta de registo: 00254nam 2200025 450
001 2282793
003 http://id.bnportugal.gov.pt/bib/catbnp/2282793
010 ## $a978-989-9140-32-5
021 ## $aPT$b555933/25
100 ## $a20260324d2025 k y0pory01030103ba
101 0# $apor$deng
102 ## $aPT
105 ## $ay v 000yy
106 ## $ar
200 1# $a O diálogo do cristianismo com as religiões$e uma leitura do modelo místico, na teologia comparativa à luz da obra de Anthony de Mello$fVirgílio Marques Rodrigues$gorient. José Pedro Lopes Angélico
205 ## $a1ª ed
210 #9 $aViseu$cAlma Letra,$d2025
215 ## $a638 p.$d24 cm
700 #1 $aRodrigues,$bVírgilio Marques,$f1968-$31634223
702 #1 $aAngélico,$bJosé Pedro,$f1983-$4695$31534626
801 #0 $aPT$bBN$gRPC
966 ## $lBN$mFGMON$x1
966 ## $lBN$mFGMON$x1
971 ## $cssilva$d20260324

OpendataBNP@bnportugal.pt | Mais informação sobre acesso aos dados BNP